<?xml version="1.0" encoding="UTF-8"?>
<collection xmlns="http://www.loc.gov/MARC21/slim">
  <record>
    <leader>00000nam  2200000   4500</leader>
    <controlfield tag="001">INLIS000000000015952</controlfield>
    <controlfield tag="005">20231003020521</controlfield>
    <datafield tag="035" ind1="#" ind2="#">
      <subfield code="a">0010-1023000034</subfield>
    </datafield>
    <controlfield tag="007">ta</controlfield>
    <controlfield tag="008">231003################|##########|#|##</controlfield>
    <datafield tag="084" ind1="#" ind2="#">
      <subfield code="a">R 94 PIM I 2022</subfield>
    </datafield>
    <datafield tag="100" ind1=" " ind2="#">
      <subfield code="a">Mariman Darto</subfield>
    </datafield>
    <datafield tag="245" ind1="1" ind2="#">
      <subfield code="a">“ASN Keren” Akselerasi Internalisasi Core Values ASN Berakhlak Melalui Kolaborasi Kementarian, Lembaga Non Kementarian dan Pemerintah Daerah /</subfield>
      <subfield code="c">Mariman Darto</subfield>
    </datafield>
    <datafield tag="250" ind1="#" ind2="#">
      <subfield code="a">1</subfield>
    </datafield>
    <datafield tag="260" ind1="#" ind2="#">
      <subfield code="a">Jakarta :</subfield>
      <subfield code="b">Pusbangkom Pimnas dan Manajerial ASN,</subfield>
      <subfield code="c">2022</subfield>
    </datafield>
    <datafield tag="300" ind1="#" ind2="#">
      <subfield code="a">72 halaman :</subfield>
      <subfield code="b">ilus ;</subfield>
      <subfield code="c">30 cm</subfield>
    </datafield>
    <datafield tag="650" ind1="#" ind2="4">
      <subfield code="a">ASN</subfield>
    </datafield>
    <datafield tag="520" ind1="#" ind2="#">
      <subfield code="a">Lembaga Administrasi Negara (LAN) menyelenggarakan tugas pemerintahan di bidang administrasi negara. Salah satu bidang penting yang diemban oleh LAN adalah mengembangkan kompetensi pegawai ASN. Berikut ini adalah fungsi LAN dalam pengembangan kompetensi dimaksud : pertama, pengembangan standar kualitas pendidikan dan pelatihan pegawai ASN; kedua, pembinaan pendidikan dan pelatihan kompetensi manajerial Pegawai ASN; dan ketiga, penyelenggaraan pendidikan dan pelatihan kompetensi manajerial Pegawai ASN, baik secara sendiri maupun bersama-sama lembaga pendidikan dan pelatihan lainnya.</subfield>
    </datafield>
    <datafield tag="990" ind1="#" ind2="#">
      <subfield code="a">94</subfield>
    </datafield>
  </record>
</collection>
